| 000 | 00575nam a2200193 a 4500 | ||
|---|---|---|---|
| 001 | 1686 | ||
| 005 | 20140414131845.0 | ||
| 008 | 001109s19uu xx 00 eng d | ||
| 020 | _a0-7097-0863-7 | ||
| 050 |
_aM 423.1 _bSp9 1993 |
||
| 100 | _aSpurgeon, Maureen | ||
| 245 |
_aTeddy's A B C / _ctext by Maureen Spurgeon ; illustrations by Pamela Storey. |
||
| 260 |
_aBeauchamp, Leics, England : _bBrown Watson, _c1993. |
||
| 300 | _a1 v. p. : ill. ; cm. | ||
| 650 |
_aAlphabet _xJuvenile literature. |
||
| 650 | _aChildren stories. | ||
| 999 |
_c109903 _d109903 |
||